Statistics for Baseball players who committed suicide

Click here to take the quiz!

General Stats

  • This quiz has been taken 10 times
    (5 since last reset)
  • The average score is 14 of 95

Answer Stats

DateAnswer% Correct
03-28-1907Chick Stahl
40%
06-12-1980Dan Thomas
40%
07-18-1989Donnie Moore
40%
01-13-2013Enzo Hernandez
40%
08-12-1990Fay Thomas
40%
05-06-1947Ferdie Moore
40%
05-10-1881Fraley Rogers
40%
06-04-1961Iron Davis
40%
01-19-1900Marty Bergen
40%
03-29-1962Otto Miller
40%
12-22-2012Ryan Freel
40%
09-16-1894Terry Larkin
40%
08-03-1940Willard Hershberger
40%
07-16-1921Arthur Irwin
20%
11-01-1937Benny Frey
20%
07-18-1948Bert Hall
20%
12-08-1932Bill Gray
20%
06-19-1945Bob Gandy
20%
01-10-1907Bob Langsford
20%
10-05-2009Brian Powell
20%
04-06-1989Carlos Bernier
20%
06-09-1934Charlie Dexter
20%
10-03-2020Charlie Haeger
20%
05-31-1990Charlie Shoemaker
20%
01-16-2009Craig Stimac
20%
06-28-1962Cy Morgan
20%
06-09-1972Del Bissonette
20%
01-18-1911Dick Scott
20%
12-22-2004Doug Ault
20%
10-04-2016Doug Slaten
20%
01-27-1927Drummond Brown
20%
02-28-1894Edgar McNabb
20%
07-16-1930Eli Rosebraugh
20%
11-19-1891Ernie Hickman
20%
04-12-1889Frank Ringo
20%
11-08-1957Fred Anderson
20%
01-10-1962Fred Bratschi
20%
10-29-1941Harvey Hendrick
20%
07-27-2011Hideki Irabu
20%
11-04-1948Jake Powell
20%
07-24-1889Jim McElroy
20%
09-16-1963Johnny Niggeling
20%
07-18-2017John Rheinecker
20%
08-07-2010Keith Drumright
20%
05-15-2016Ken Ramos
20%
11-30-1920Lou Meyers
20%
06-15-1947Luke Stuart
20%
08-24-2011Mike Flanagan
20%
10-08-1971Murray Wall
20%
02-16-1942Orson Baldwin
20%
03-21-1934Pea Ridge Day
20%
12-19-1908Reddy Foster
20%
02-16-2007Terry Enyart
20%
08-05-1929Tony Brottem
20%
05-02-1989Virgil Stallcup
20%
09-14-1951Wally Roettger
20%
05-19-1950Wattie Holm
20%
10-19-1967Art Giribaldi
0%
04-26-1927Bill Gannon
0%
09-11-1931Carl Sitton
0%
08-14-1940Charlie Hollocher
0%
06-13-1914Charlie Weber
0%
06-21-1943Chet Chadbourne
0%
01-31-1904Dan Mahoney
0%
12-13-1910Dan McGann
0%
04-30-1901Dude Esterbrook
0%
09-20-1896Ed Crane
0%
03-28-1916Eddie Hohnhorst
0%
11-26-1969Emil Kush
0%
04-15-1937Emmett McCann
0%
09-03-1950Frank Pearce
0%
01-20-1960Gibby Brack
0%
08-14-1934Guy Morrison
0%
10-16-1945Hack Eibel
0%
06-01-1904Harry East
0%
01-11-1945Harry McNeal
0%
07-03-1951Hugh Casey
0%
09-14-1908Ike Van Zandt
0%
10-02-1967Jackie Price
0%
04-29-1931Jimmy McAleer
0%
09-01-1955Jim Oglesby
0%
11-24-1961John Mohardt
0%
11-02-1966Lew Moren
0%
11-01-1956Limb McKenry
0%
08-05-1942Lyle Bigbee
0%
11-18-1945Morrie Rath
0%
05-15-1918Patsy Tebeau
0%
09-26-1964Paul Zahniser
0%
08-08-1941Ralph Works
0%
01-09-1954Skeeter Shelton
0%
08-15-1965Stan Pitula
0%
10-25-1949Tim Bowden
0%
01-11-1914Walt Goldsby
0%
06-14-1935Walt Kuhn
0%
01-12-1903Win Mercer
0%

Score Distribution

Percentile by Number Answered

Percent of People with Each Score

Your Score History

You have not taken this quiz since the last reset